| 000 | 00854nas a2200229 454500 | ||
|---|---|---|---|
| 001 | 53966 | ||
| 005 | 20260407193512.0 | ||
| 008 | 260407s1973####ag###########|||spa#d | ||
| 003 | AR-UNSa-BCEJYS | ||
| 040 |
_aAR-UNSa-BCEJYS _bspa _cAR-UNSa-BCEJYS |
||
| 080 |
_a349.2 _xDerecho del Trabajo |
||
| 245 | 1 | 0 |
_aTrabajo y seguridad social _prevista mensual de doctrina, jurisprudencia y legislación |
| 264 | 1 |
_aBuenos Aires : _bUniversitas _c1973 |
|
| 310 | _aFrecuencia: Anual Revista Trabajo y Seguridad Social encudernada en tomos Cambia de Director a partir del Tomo IX por Julio A. Prandi Cambia de Director a partit del Tomo XII por Hugo R. Carcavallo | ||
| 041 | _aspa | ||
| 942 | _cSER | ||
| 590 | _aniveau_biblio:s niveau_hierar:1 | ||
| 100 | 1 | _aDeveali, Mario L. | |
| 650 | _aSeguridad social | ||
| 650 | _aTrabajo | ||
| 650 | _aDerecho laboral | ||
| 999 |
_c8968 _d8968 |
||